[Event "TUR Cup"]
[Site "Antalya"]
[Date "2020.01.30"]
[Round "7"]
[White "Ince, Taylan Ruzgar"]
[Black "Bulut, Nazim"]
[Result "1-0"]
[WhiteElo "1704"]
[BlackElo "1506"]
[PlyCount "99"]
[EventDate "2020.01.26"]
[EventType "swiss"]
[EventRounds "11"]
[EventCountry "TUR"]
[SourceTitle "CBM 194 Extra"]
[Source "ChessBase"]
[SourceDate "2020.03.31"]
[SourceVersion "1"]
[SourceVersionDate "2020.03.31"]
[SourceQuality "1"]

1. e4 g6 2. d4 Bg7 3. Nc3 e6 4. f4 Ne7 5. Nf3 d6 6. Bd3 Nd7 7. 0-0 b6 8. Be3 a6 9. f5 e5 10. dxe5 gxf5 11. exd6 cxd6 12. exf5 Nf6 13. Qe2 0-0 14. Qf2 b5 15. Qg3 Nxf5 16. Bxf5 Bxf5 17. Nd4 Bg6 18. Nf5 Nh5 19. Qg4 Be5 20. Nd5 Re8 21. Nh6+ Kg7 22. Nxf7 Qc8 23. Bh6+ Kg8 24. Nxe5 dxe5 25. Qxc8 Raxc8 26. g4 Be4 27. Nc3 Rxc3 28. bxc3 Ng7 29. Rf2 Bg6 30. Re1 e4 31. Rf6 Ne6 32. h4 Nc5 33. Ref1 Nd7 34. Rxa6 Ne5 35. Raf6 Nf3+ 36. Kg2 Nxh4+ 37. Kg3 Nf3 38. Rb6 Rc8 39. Rxb5 Rxc3 40. Kf4 Rxc2 41. a4 Rc8 42. a5 Kf7 43. a6 Ra8 44. Ra1 Nd4 45. Rb6 Ne6+ 46. Ke5 Nc5 47. Kd6 Ne6 48. a7 Rd8+ 49. Ke5 Nc7 50. Rb7 1-0

[Event "TUR Cup"]
[Site "Antalya"]
[Date "2020.01.29"]
[Round "5"]
[White "Ikizler, Mualla Hatun"]
[Black "Bulut, Nazim"]
[Result "0-1"]
[WhiteElo "1303"]
[BlackElo "1506"]
[PlyCount "104"]
[EventDate "2020.01.26"]
[EventType "swiss"]
[EventRounds "11"]
[EventCountry "TUR"]
[SourceTitle "CBM 194 Extra"]
[Source "ChessBase"]
[SourceDate "2020.03.31"]
[SourceVersion "1"]
[SourceVersionDate "2020.03.31"]
[SourceQuality "1"]

1. e4 e5 2. Nf3 Nc6 3. Bc4 h6 4. 0-0 d6 5. h3 Nf6 6. d3 Be6 7. Bxe6 fxe6 8. c3 d5 9. Qa4 Qd7 10. Nbd2 Be7 11. b4 Bd6 12. exd5 Nxd5 13. Ne4 0-0 14. b5 Nce7 15. c4 Nf6 16. Nxd6 cxd6 17. Bb2 Nh5 18. Qd1 Nf4 19. Bc1 Neg6 20. Kh2 Qf7 21. Ng1 Qf5 22. Bxf4 Nxf4 23. d4 e4 24. Qd2 Qg5 25. g3 Nxh3 26. Qxg5 Nxg5 27. Rae1 d5 28. c5 Rf7 29. Kg2 Raf8 30. Re3 Nf3 31. Nxf3 Rxf3 32. Rxf3 Rxf3 33. Rd1 Rc3 34. Rd2 Kf8 35. Kh3 g6 36. Kg4 Ke7 37. Kf4 Rf3+ 38. Kg4 Kd7 39. Kh4 Rd3 40. Rc2 Rxd4 41. Kg4 e5 42. c6+ Kc7 43. f4 exf4 44. Kxf4 g5+ 45. Ke5 Rd3 46. g4 e3 47. Re2 d4 48. a4 bxc6 49. bxc6 Kxc6 50. Ke4 Rd2 51. Re1 a5 52. Rh1 Kc5 0-1

[Event "TUR Cup"]
[Site "Antalya"]
[Date "2019.01.28"]
[Round "2"]
[White "Hereklioglu, Sude"]
[Black "Bulut, Nazim"]
[Result "1/2-1/2"]
[WhiteElo "1951"]
[BlackElo "1496"]
[PlyCount "125"]
[EventDate "2019.01.27"]
[EventType "swiss"]
[EventRounds "11"]
[EventCountry "TUR"]
[SourceTitle "CBM 188 Extra"]
[Source "ChessBase"]
[SourceDate "2019.02.28"]
[SourceVersion "1"]
[SourceVersionDate "2019.02.28"]
[SourceQuality "1"]

1. Nf3 Nc6 2. d4 d5 3. Bf4 Bf5 4. c3 Nf6 5. e3 e6 6. Bb5 Bd6 7. Qa4 0-0 8. Nbd2 Ne7 9. Ne5 c6 10. Be2 Ng6 11. Bg3 Qc7 12. f4 Ne4 13. Nxe4 Bxe4 14. Bf3 Bf5 15. 0-0 f6 16. Nxg6 Bxg6 17. Rae1 Bd3 18. Be2 Be4 19. c4 f5 20. b4 b6 21. Rc1 Kh8 22. Qb3 a5 23. c5 bxc5 24. bxc5 Be7 25. Bd3 Rfb8 26. Qc3 Bxd3 27. Qxd3 Bf6 28. Be1 h6 29. Bc3 a4 30. Qc2 Qa7 31. Rb1 Qa6 32. Rb4 Rxb4 33. Bxb4 Qb5 34. Rb1 Rb8 35. Rb2 Qa6 36. Kf2 Rb5 37. Ke1 Rb7 38. Qe2 Qa8 39. Bc3 Rxb2 40. Qxb2 Qa6 41. Qb4 Kh7 42. Bd2 Kg6 43. Qb6 Qa8 44. Qa5 Qxa5 45. Bxa5 Kf7 46. Kd2 Ke8 47. Kc3 Kd7 48. Kb4 Kc8 49. Kxa4 Kb7 50. Be1 Ka6 51. Kb4 Bd8 52. Kb3 h5 53. g3 g6 54. Kc2 Kb5 55. Bc3 Ka4 56. Kb2 g5 57. a3 h4 58. gxh4 gxh4 59. Bd2 h3 60. Be1 Be7 61. Ka2 Bf6 62. Kb2 Bd8 63. Ka2 1/2-1/2

[Event "Manavgat Turkey Cup"]
[Site "Manavgat"]
[Date "2015.02.05"]
[Round "8"]
[White "Benk, Tolga Tugay"]
[Black "Bulut, Nazim"]
[Result "1-0"]
[WhiteElo "1774"]
[BlackElo "1633"]
[PlyCount "65"]
[EventDate "2015.01.31"]
[EventType "swiss"]
[EventRounds "11"]
[EventCountry "TUR"]
[SourceTitle "CBM 164 Extra"]
[Source "ChessBase"]
[SourceDate "2015.03.02"]
[SourceVersion "1"]
[SourceVersionDate "2015.03.02"]
[SourceQuality "1"]

1. e4 e5 2. Nf3 Nc6 3. Bc4 Bc5 4. d3 Nf6 5. 0-0 0-0 6. c3 d5 7. exd5 Nxd5 8. b4 Bb6 9. b5 Nce7 10. Nxe5 c5 11. h3 Bc7 12. d4 b6 13. Be3 Be6 14. Qb3 Rc8 15. Na3 Nf5 16. Rae1 cxd4 17. Bxd4 Nxd4 18. cxd4 Bxe5 19. Rxe5 Rxc4 20. Nxc4 Nf4 21. Qe3 Nxg2 22. Kxg2 Bxc4 23. Rg1 Bxa2 24. Kh2 Qd6 25. f4 g6 26. Qe4 Kg7 27. Ra1 Qa3 28. Qe2 f6 29. Re7+ Kh6 30. Rxa2 Qd6 31. Qe4 Qb4 32. Rexa7 Qd6 33. Rc2 1-0

[Event "TUR-ch"]
[Site "Antalya"]
[Date "2013.02.07"]
[Round "8"]
[White "Bulut, Nazim"]
[Black "Eremkere, Mehmet Halil"]
[Result "1-0"]
[WhiteElo "1576"]
[BlackElo "1794"]
[PlyCount "109"]
[EventDate "2013.02.02"]
[EventType "swiss"]
[EventRounds "11"]
[EventCountry "TUR"]
[SourceTitle "CBM 152 Extra"]
[Source "ChessBase"]
[SourceDate "2013.02.25"]
[SourceVersion "1"]
[SourceVersionDate "2013.02.25"]
[SourceQuality "1"]

1. e4 e6 2. d4 d5 3. e5 c5 4. c3 Nc6 5. Nf3 cxd4 6. cxd4 Bb4+ 7. Bd2 Qb6 8. Bxb4 Nxb4 9. Be2 Ne7 10. 0-0 Bd7 11. Nc3 0-0 12. Qd2 f6 13. exf6 Rxf6 14. Ne5 Rd8 15. Rad1 Be8 16. a3 Nbc6 17. Ng4 Rf8 18. Na4 Qc7 19. Nc5 Rd6 20. Ne3 Bf7 21. b4 e5 22. dxe5 Nxe5 23. Ne4 Rh6 24. Ng3 Nc4 25. Qc3 b5 26. Rc1 Rd8 27. Qd4 Nc6 28. Qa1 Qe5 29. Ng4 Qxa1 30. Nxh6+ gxh6 31. Rxa1 Nd4 32. Bd3 Bg6 33. Rfd1 Bxd3 34. Rxd3 Nc6 35. Nf5 N6e5 36. Rg3+ Kf8 37. Nxh6 Ng6 38. h3 d4 39. h4 Rd5 40. Re1 d3 41. Rf3+ Kg7 42. Nf5+ Rxf5 43. Rxf5 d2 44. Rd1 a6 45. h5 Ne7 46. h6+ Kg6 47. Rc5 Kxh6 48. Rxc4 bxc4 49. Rxd2 Kg6 50. Rd6+ Kf5 51. Kf1 Ke5 52. Rxa6 Kd4 53. Rd6+ Nd5 54. Rxd5+ Kxd5 55. Ke2 1-0

[Event "TUR-ch"]
[Site "Antalya"]
[Date "2013.02.02"]
[Round "1"]
[White "Sari, Yasin"]
[Black "Bulut, Nazim"]
[Result "1-0"]
[WhiteElo "1934"]
[BlackElo "1576"]
[PlyCount "101"]
[EventDate "2013.02.02"]
[EventType "swiss"]
[EventRounds "11"]
[EventCountry "TUR"]
[SourceTitle "CBM 152 Extra"]
[Source "ChessBase"]
[SourceDate "2013.02.25"]
[SourceVersion "1"]
[SourceVersionDate "2013.02.25"]
[SourceQuality "1"]

1. e4 c5 2. Nf3 d6 3. c3 Bg4 4. Bc4 Nf6 5. 0-0 e6 6. Re1 Qc7 7. d3 h6 8. Nbd2 a6 9. Nf1 Be7 10. h3 Bh5 11. Ng3 Bg6 12. Bb3 Nc6 13. Be3 Bh7 14. Bc2 g5 15. d4 0-0-0 16. Qe2 g4 17. hxg4 Nxg4 18. d5 Nce5 19. Nxe5 Nxe5 20. b4 c4 21. dxe6 fxe6 22. a4 b6 23. a5 b5 24. Bb6 Qb7 25. Bxd8 Bxd8 26. Rad1 Qe7 27. f4 Ng6 28. Qd2 Bc7 29. f5 Nh4 30. Qxh6 Rg8 31. f6 Qf7 32. Qxh4 d5 33. Nf1 Qg6 34. Qh3 Kb8 35. Re2 Qxf6 36. e5 Bxe5 37. Bxh7 Rh8 38. Qe3 Bc7 39. Qxe6 Qh4 40. Qf7 Qxh7 41. Re8+ Ka7 42. Qxh7 Rxh7 43. Rxd5 Kb7 44. Re6 Bf4 45. Rf5 Bc1 46. Rff6 Rd7 47. Rxa6 Rd1 48. Rab6+ Kc8 49. Rbe6 Kd7 50. a6 Bb2 51. Rd6+ 1-0